000 00485nam a2200181 a 4500
001 1527
003 CO-ViMGA
008 141112s2004 ck r 000 u spa d
040 _aCO-ViMGA
_bspa
_cCO-ViMGA
082 0 4 _a947.08 C517
100 1 _aClarke, William
_949936
245 1 0 _aLa fortuna perdida de los zares
260 _aBogotá :
_bJavier Vergara,
_c1996
300 _a389 p
490 _aBiografia e historia
650 1 4 _aRUSIA - HISTORIA - ZARISMO
_949937
942 _2ddc
_cBK
999 _c13714
_d13714